Fortnite Battle Pass Skins - Statistics

General Stats
  • This quiz has been taken 66 times
  • The average score is 26 of 206
Answer Stats
Hint Answer % Correct
S2 Black Knight
60%
S12 Midas
58%
S8 Peely
55%
S4 Omega
49%
S28 Peter Griffin
43%
S3 The Reaper
43%
S12 Brutus
34%
S5 Drift
34%
S12 Deadpool
32%
S5 Ragnarok
32%
S7 The Ice King
32%
S7 Lynx
30%
S19 Spider-Man
30%
S12 TNTina
30%
S6 Calamity
28%
S28 Hope
28%
S12 Meowscles
28%
S12 Agent Peely
26%
S2 Sparkle Specialist
26%
S28 Oscar
25%
S12 Skye
25%
S14 Wolverine
25%
S16 Agent Jones
23%
S4 Carbide
23%
S13 Jules
23%
S14 Storm
23%
S14 Thor
23%
S14 Tony Stark
23%
S2 Blue Squire
21%
S6 Dire
21%
S14 Doctor Doom
21%
S13 Kit
21%
S4 Zoey
21%
S3 Dark Voyager
19%
S8 Luxe
19%
S28 Montague
19%
S28 Solid Snake
19%
S9 Bunker Jonesy
17%
S21 Darth Vader
17%
S3 Elite Agent
17%
S14 Groot
17%
S7 The Prisoner
17%
S4 The Visitor
17%
S28 Valeria
17%
S7 Zenith
17%
S13 Aquaman
15%
S8 Hybrid
15%
S14 Jennifer Walters
15%
S13 Ocean
15%
S25 Optimus Prime
15%
S7 Powder
15%
S3 Rust Lord
15%
S5 Sun Strider
15%
S7 Trog
15%
S6 DJ Yonder
13%
S17 Doctor Slone
13%
S6 Giddy-up
13%
S5 Huntress
13%
S28 Nisha
13%
S7 Onesie
13%
S17 Rick Sanchez
13%
S2 Royale Knight
13%
S7 Sgt. Winter
13%
S4 Squad Leader
13%
S9 Vendetta
13%
S6 A.I.M.
11%
S8 Blackheart
11%
S18 Carnage
11%
S20 Doctor Strange
11%
S6 Dusk
11%
S8 Ember
11%
S11 Fusion
11%
S12 Gear Specialist Maya
11%
S16 Lara Croft
11%
S15 Mancake
11%
S15 Mandalorian
11%
S3 Mission Specialist
11%
S14 Mystique
11%
S8 Sidewinder
11%
S22 Spider-Gwen
11%
S11 8-Ball vs Scratch
9%
S4 Battlehawk
9%
S18 Charlotte
9%
S21 Evie
9%
S18 Fabio Sparklemane
9%
S13 Fade
9%
S19 Gumbo
9%
S19 Haven
9%
S24 Highwire
9%
S11 Journey vs Hazard
9%
S26 Khaby Lame
9%
S15 Lexa
9%
S27 Lil Split
9%
S15 Mave
9%
S15 Menace
9%
S24 Mizuki
9%
S3 Moonwalker
9%
S6 Nightshade
9%
S26 Nolan Chance
9%
S27 Omegarok
9%
S15 Predator
9%
S15 Reese
9%
S11 Rippley vs Sludge
9%
S5 Rook
9%
S19 Shanta
9%
S5 Sledgehammer
9%
S4 Teknique
9%
S18 The Cube Queen
9%
S19 The Foundation
9%
S10 The Scientist
9%
S11 Turk vs Riptide
9%
S10 Ultima Knight
9%
S9 Vega
9%
S10 X-Lord
9%
S26 Ahsoka Tano
8%
S10 Catalyst
8%
S16 Cluck
8%
S9 Demi
8%
S25 Era
8%
S13 Eternal Knight
8%
S10 Eternal Voyager
8%
S6 Fable
8%
S22 Grriz
8%
S17 Guggimon
8%
S19 Harlowe
8%
S23 Helsie
8%
S24 Imani
8%
S21 Indiana Jones
8%
S18 J.B. Chimpanski
8%
S26 Kado Thorne
8%
S18 Kor
8%
S22 Lennox Rose
8%
S25 Lorenzo
8%
S19 Lt. John Llama
8%
S26 Mae
8%
S8 Master Key
8%
S22 Meow Skulls
8%
S16 Neymar Jr
8%
S11 Remedy vs Toxin
8%
S27 Renegade Lynx
8%
S19 Ronin
8%
S9 Rox
8%
S8 Ruin
8%
S13 Scuba Jonesy
8%
S9 Sentinel
8%
S9 Singularity
8%
S10 Sparkle Supreme
8%
S9 Stratus
8%
S20 The Origin
8%
S24 Thunder
8%
S10 Tilted Teknique
8%
S25 Trace
8%
S4 Valor
8%
S28 Vengeance Jonesy
8%
S21 Adira
6%
S26 Antonia
6%
S11 Cameo vs Chic
6%
S23 Doom Slayer
6%
S23 Dusty
6%
S5 Enforcer
6%
S20 Erisa
6%
S20 Gunnar
6%
S17 Joey
6%
S17 Kymera
6%
S25 Mariposa
6%
S23 Massai
6%
S23 Nezumi
6%
S16 Raz
6%
S5 Redline
6%
S25 Relik
6%
S21 Sabina
6%
S23 Selene
6%
S13 Siona
6%
S21 Snap
6%
S27 Spectra Knight
6%
S16 Spire Assassin
6%
S24 Stray
6%
S17 Sunny
6%
S16 Tarana
6%
S22 The Herald
6%
S20 The Imagined
6%
S18 Toona Fish
6%
S18 Torin
6%
S20 Tsuki 2.0.
6%
S22 Twyn
6%
S10 Y0ND3R
6%
S17 Zyg
6%
S22 Bytes
4%
S17 Clark Kent
4%
S24 Eren Jaeger
4%
S26 Fish Thicc
4%
S23 Geralt of Rivia
4%
S20 Kiara K.O.
4%
S15 Kondor
4%
S21 Malik
4%
S24 Mystica
4%
S22 Paradigm (Reality-659)
4%
S26 Piper Pace
4%
S20 Prowler
4%
S25 Purradise Meowscles
4%
S16 Rebirth Raven
4%
S24 Renzo the Destroyer
4%
S25 Rian
4%
S11 Sorana
4%
S21 Stormfarer
4%
S23 The Ageless
4%
No matching quizzes found
Score Distribution
Percent of People with Each Score
Percentile by Number Answered
Your Score History
You have not taken this quiz